Quiz wiedzy ogólnej #33 - Statystyki

Ogólne statystyki
  • Ten quiz został rozwiązany 247 razy
  • Średni wynik to 13 z 20
Statystyki odpowiedzi
Pytanie Odpowiedź % Poprawnych
Ile było dalmatyńczyków w kultowym filmie Disneya? 101
98%
Jeżeli mam przepaskę na oczy, drewnianą nogę i papugę na ramieniu, to kim jestem? Piratem
97%
Które miasto kojarzy się z gondolami? Wenecja
95%
Kim jest asasyn? Płatnym {zabójcą}
93%
Kto wypowiedział te słowa: "Dlaczego masz takie duże zęby?" Czerwony Kapturek
85%
Jakiej części ciała pożądają zombie? Mózgu
83%
Jak tłumaczy się powiedzenie "Carpe Diem"? Chwytaj dzień
80%
W jakim fikcyjnym królestwie odbywa się akcja "Lwa, Czarownicy i Starej Szafy"? W Narnii
72%
Co oznacza portugalskie słowo São? Święty
70%
Jakie państwo afrykańskie ma największą gospodarkę? (Według parytetu siły nabywczej) Nigeria
68%
Jaki kraj ZSRR zaatakowało w 1979 r? Afganistan
62%
Co na głowie noszą sędziowie w Wielkiej Brytanii? perukę
56%
Jak nazywa się włoskie danie, do którego przyrządzenia używa się jajek, pieprzu i guanciale? Carbonara
51%
Jaki rodzaj zwierzęcia zabił Łowcę Krokodyli? Płaszczka
49%
Jakie imię z greckiego oznacza skałę? Piotr
43%
Z jakiego języka pochodzi słowo jogurt? Z tureckiego
38%
Jakie państwo było wcześniej znane jako Formoza? Tajwan
33%
W jakiej powieści pojawia się postać pana Darcy? Duma i uprzedzenie
32%
Jaki zbiornik wodny znajduje się Morzem Karaibskim a Oceanem Pacyficznym? Kanał Panamski
32%
Czym zajmuje się hortolog? Roślinami
17%
Nie znaleziono quizów pasujących do podanych kryteriów
Rozkład punktacji
Procent ludzi z każdym wynikiem
Percentyl według liczby udzielonych odpowiedzi
Twoja historia wyników
Nie rozwiązałeś tego quizu